| 000 | 00979naa a2200253 c 4500 | ||
|---|---|---|---|
| 001 | 49585 | ||
| 999 |
_c49585 _d49585 |
||
| 003 | ES-MaCES | ||
| 005 | 20170628130601.0 | ||
| 008 | 170628s2017 fr ||||| t||||||| ||fre d | ||
| 040 |
_aES-MaCES _bspa _cES-MaCES _dES-MaCES |
||
| 100 | 1 |
_914046 _aGranrut, Charles du |
|
| 245 | 1 | 3 |
_aLe ralentissement des gains de productivité _b: la technologie au coeur des débats _cCharles du Granrut |
| 650 | 4 |
_927094 _acrecimiento económico |
|
| 650 | 4 |
_928214 _aproductividad del trabajo |
|
| 650 | 4 |
_927077 _amodelo de crecimiento |
|
| 650 | 4 |
_928299 _aempleo |
|
| 650 | 4 |
_928236 _acambio tecnológico |
|
| 650 | 4 |
_930788 _anuevas tecnologías |
|
| 650 | 4 |
_927082 _aconsecuencias económicas |
|
| 653 | 1 | 0 | _aEconomía |
| 773 | 0 |
_985900 _dParis (Rue de Varenne, 55, 75341, Cedex 07) Futuribles _o088798 _tFuturibles _w(ES-MaCES)25335 _gnº 417 (mars-avril 2017) {10324 R. 088798} ;p. 61-78 |
|
| 902 | _aART Artículo de revista | ||
| 942 |
_2CES _cAR _h0.0. |
||